000 00815nam a2200253Ia 4500
003 OSt
005 20220923220226.0
006 a|||||r|||| 00| 0
007 ta
008 220922b |||||||| |||| 00| 0 hin d
024 _a185,246
037 _cTextual
040 _aARTS
_cARTS
_bhin
041 _2hin
_ahin
082 _aY:351.2, 152L7
100 _aशर्मा, कृष्ण चन्द्र
245 0 _aलोक जीवन के स्वर
246 _aLok jīvan ke svara
260 _aमेरठ
_b कुरू संस्थान
_c1977
300 _a196 पृ.
_ccm.
650 _aभारतीय-लोक साहित्य
942 _hY:351.2, 152L7
_cTEXL
_2CC
999 _c338492
_d338492